01978cam a2200313 a 450000100090000000300040000900500170001300800410003001000170007101500190008801600180010702000190012503500240014404000130016805000170018108200120019808400170021010000250022724500610025226000270031330000250034050400530036550510900041865000420150865000200155065000290157065000330159965000320163217006572OSt20220222125858.0111019s2011 enk b 001 0 eng  a 2011290586 aGBB0562172bnb7 a0155416242Uk a9781841139395  a(OCoLC)ocn620140175 aUKMcUKM00aKZ1250.K669 04a341222 aPR 21802rvk1 aKoskenniemi, Martti.14aThe politics of international law /cMartti Koskenniemi. aOxford ;bHart,c2011. axv, 371 p. ;c24 cm. aIncludes bibliographical references and indexes.00tContents : Part 1. The politics of international law: Between Apology to Utopia : The Politics of International Law -- The Politics of International Law - 20 Years Later -- Part 2. The law and politics of collective security: The Place of Law in Collective Security -- 'The Lady Doth Protest Too Much' : Kosovo, and the Turn to Ethics in International Law -- Part 3. The politics of human rights : The Effect of Rights on Political Culture -- Human Rights, Politics and Love -- Part 4. Limits and possibilties of international law : Between Impunity and Show Trials -- Faith, Identity, and the Killing of the Innocent : International Lawyers and Nuclear Weapons --International Law and Hegemony : a Reconfiguration -- What is International Law For? -- Part 5. The spirit of international law : Between Commitment and Cynicism : Outline for a Theory of International Law as Practice -- Style as Method : Letter to the Editors of the Symposium -- Miserable Comforters : International Relations as New Natural Law -- The Fate of Public International Law : Between Technique and Politics. 0aInternational lawxPolitical aspects. 0aWorld politics. 0aInternational relations.07aInternationale Politik.2swd07aInternationales Recht.2swd